Teaching of peace and conflict resolution / (Record no. 5298)

MARC details
000 -LEADER
fixed length control field 00574 a2200181 4500
010 ## - LCCN (DPL NO)
LC control number ENG-86811
020 ## - INTERNATIONAL STANDARD BOOK NUMBER
Terms of availability 495.00
International Standard Book Number 8183821111
035 ## - SYSTEM CONTROL NUMBER
System control number EN-70344
037 ## - SOURCE OF ACQUISITION
Source of stock number/acquisition DBAD / PUB
082 14 - DEWEY DECIMAL CLASSIFICATION NUMBER
Classification number 303.69
100 1# - MAIN ENTRY--PERSONAL NAME
Personal name Veerabhadrappa, R.P.
245 1# - TITLE STATEMENT
Title Teaching of peace and conflict resolution /
Statement of responsibility, etc by R.P.Veerabhadrappa
260 ## - PUBLICATION, DISTRIBUTION, ETC. (IMPRINT)
Place of publication, distribution, etc New Delhi
Name of publisher, distributor, etc Lotus Press
Date of publication, distribution, etc 2007
270 ## - ADDRESS
Address 4263/3, Ansari Road, Daryaganj
City New Delhi
Electronic mail address lotus_press@sify.com
Postal code 110 002
300 ## - PHYSICAL DESCRIPTION
Extent xiv, 240p
Dimensions 24cm (Hb)
500 ## - GENERAL NOTE
General note Includes index
942 ## - ADDED ENTRY ELEMENTS (KOHA)
Institution code [OBSOLETE] dpl
Item type English Books
Source of classification or shelving scheme Dewey Decimal Classification
Classification part 303.69
Call number suffix VEE
Holdings
Withdrawn status Lost status Not for loan Collection code Home library Current library Source of acquisition Cost, normal purchase price Full call number Barcode Copy number Cost, replacement price Koha item type
    Not For Loan Non-fiction D.B.Act.Division D.B.Act.Division DBAD/PUB 495.00 303.69 VEE EN-70344 1 495.00 English Books

© Delhi Public Library
Hit Counter
free hit counter